Największe miasta Polski na literę M - Statystyki

Ogólne statystyki
  • Ten quiz został rozwiązany 45 razy
  • Średni wynik to 7 z 10
Statystyki odpowiedzi
Ludność Województwo Podpowiedź Miasto % Poprawnych
74 618 śląskie Jego nazwa wywodzi się od starosłowiańskiego imienia Mysław, Miłosław lub Mysł Mysłowice
91%
38 345 pomorskie Znajduje się tam największy zamek w Polsce jak i w całej Europie Malbork
88%
40 999 mazowieckie W swojej nazwie ma nazwę stolicy jednego z sąsiadów Polski Mińsk Mazowiecki
81%
60 323 podkarpackie Produkuje się tam amerykańskie śmigłowce Black Hawk Mielec
74%
18 366 małopolskie Jego nazwa prawdopodobnie pochodzi od imienia Myślimir, popularnego w średniowieczu Myślenice
70%
21 556 warmińsko-mazurskie Jego pierwotna nazwa to Sensburg Mrągowo
63%
31 246 mazowieckie W dniach 1-4 września rozegrała się tam jedna z pierwszych i najcięższych bitew wojny obronnej Polski Mława
56%
35 461 mazowieckie Leży na północ od Ząbek Marki
53%
41 014 śląskie Słynie z historycznej Kopalni Doświadczalnej "Barbara" Mikołów
49%
31 585 śląskie Powstało z połączenia kilku osad i uzyskało prawa miejskie w 1950 roku Myszków
44%
Nie znaleziono quizów pasujących do podanych kryteriów
Rozkład punktacji
Procent ludzi z każdym wynikiem
Percentyl według liczby udzielonych odpowiedzi
Twoja historia wyników
Nie rozwiązałeś tego quizu